[Event "I Open Internacional Ateneo Maritimo"]
[Site "Valencia C/La reina, 68"]
[Date "2017.05.20"]
[Round "2.1"]
[White "Randazzo, Adrian"]
[Black "Plaskett, H James"]
[Result "0-1"]
[WhiteElo "2228"]
[BlackElo "2455"]
[PlyCount "68"]
[EventDate "2017.??.??"]

1. e4 {[%clk 0:07:03]} 1... c5 {[%clk 0:07:05]} 2. Nf3 {[%clk 0:07:05]} 2... e6
{[%clk 0:07:06]} 3. d3 {[%clk 0:07:07]} 3... Nc6 {[%clk 0:07:01]} 4. g3 {
[%clk 0:07:09]} 4... d5 {[%clk 0:06:55]} 5. Qe2 {[%clk 0:07:11]} 5... Nge7 {
[%clk 0:06:54]} 6. h4 {[%clk 0:07:06]} 6... b6 {[%clk 0:06:50]} 7. Bg2 {
[%clk 0:06:44]} 7... Ba6 {[%clk 0:06:44]} 8. e5 {[%clk 0:06:40]} 8... h6 {
[%clk 0:06:36]} 9. h5 {[%clk 0:06:41]} 9... Nf5 {[%clk 0:06:28]} 10. c3 {
[%clk 0:06:43]} 10... Be7 {[%clk 0:06:24]} 11. O-O {[%clk 0:06:36]} 11... Qd7 {
[%clk 0:06:13]} 12. Bf4 {[%clk 0:06:00]} 12... g5 {[%clk 0:05:58]} 13. hxg6 {
[%clk 0:05:59]} 13... fxg6 {[%clk 0:05:59]} 14. g4 {[%clk 0:05:43]} 14... Ng7 {
[%clk 0:05:43]} 15. a3 {[%clk 0:04:38]} 15... g5 {[%clk 0:05:14]} 16. Bg3 {
[%clk 0:04:39]} 16... h5 {[%clk 0:05:14]} 17. gxh5 {[%clk 0:04:37]} 17... Nxh5
{[%clk 0:05:10]} 18. b4 {[%clk 0:04:29]} 18... O-O-O {[%clk 0:04:51]} 19. Nh2 {
[%clk 0:04:30]} 19... Rdf8 {[%clk 0:04:30]} 20. Nd2 {[%clk 0:03:26]} 20... Nf4
{[%clk 0:04:32]} 21. Bxf4 {[%clk 0:03:24]} 21... Rxf4 {[%clk 0:04:26]} 22. Ng4
{[%clk 0:02:13]} 22... Bxd3 {[%clk 0:04:26]} 23. Qxd3 {[%clk 0:02:09]} 23...
Rxg4 {[%clk 0:04:28]} 24. Rfe1 {[%clk 0:01:42]} 24... c4 {[%clk 0:04:17]} 25.
Qe2 {[%clk 0:01:42]} 25... Rf4 {[%clk 0:04:10]} 26. a4 {[%clk 0:01:31]} 26...
Bd8 {[%clk 0:04:01]} 27. a5 {[%clk 0:01:32]} 27... b5 {[%clk 0:04:01]} 28. a6 {
[%clk 0:01:35]} 28... Qh7 {[%clk 0:03:56]} 29. Nf1 {[%clk 0:01:12]} 29... Bb6 {
[%clk 0:03:55]} 30. Ne3 {[%clk 0:01:00]} 30... Qh2+ {[%clk 0:03:56]} 31. Kf1 {
[%clk 0:01:03]} 31... Rhf8 {[%clk 0:03:53]} 32. Rad1 {[%clk 0:00:38]} 32...
Rxf2+ {[%clk 0:03:49]} 33. Qxf2 {[%clk 0:00:41]} 33... Rxf2+ {[%clk 0:03:50]}
34. Kxf2 {[%clk 0:00:43]} 34... Qf4+ {[%clk 0:03:51]} 0-1

[Event "I Open Internacional Ateneo Maritimo"]
[Site "Valencia C/La reina, 68"]
[Date "2017.05.20"]
[Round "2.2"]
[White "Cruz Lledo, Pablo"]
[Black "Barbera Estelles, Rosendo"]
[Result "1-0"]
[WhiteElo "2435"]
[BlackElo "2183"]
[PlyCount "69"]
[EventDate "2017.??.??"]

1. d4 {[%clk 0:07:02]} 1... Nf6 {[%clk 0:07:05]} 2. c4 {[%clk 0:07:04]} 2... g6
{[%clk 0:07:04]} 3. Nc3 {[%clk 0:07:06]} 3... Bg7 {[%clk 0:07:06]} 4. e4 {
[%clk 0:07:07]} 4... d6 {[%clk 0:07:08]} 5. Nge2 {[%clk 0:07:09]} 5... O-O {
[%clk 0:07:06]} 6. Ng3 {[%clk 0:07:11]} 6... e5 {[%clk 0:07:01]} 7. d5 {
[%clk 0:07:12]} 7... a5 {[%clk 0:06:56]} 8. Be2 {[%clk 0:07:14]} 8... Na6 {
[%clk 0:06:56]} 9. O-O {[%clk 0:07:11]} 9... Nc5 {[%clk 0:06:57]} 10. Be3 {
[%clk 0:07:04]} 10... Ne8 {[%clk 0:06:44]} 11. Qd2 {[%clk 0:06:53]} 11... h5 {
[%clk 0:06:22]} 12. f4 {[%clk 0:06:41]} 12... h4 {[%clk 0:06:16]} 13. Nh1 {
[%clk 0:06:43]} 13... exf4 {[%clk 0:06:05]} 14. Bxf4 {[%clk 0:06:39]} 14... h3
{[%clk 0:05:16]} 15. Bf3 {[%clk 0:06:15]} 15... hxg2 {[%clk 0:04:41]} 16. Bxg2
{[%clk 0:06:16]} 16... f5 {[%clk 0:04:29]} 17. Ng3 {[%clk 0:06:10]} 17... fxe4
{[%clk 0:03:54]} 18. Ngxe4 {[%clk 0:06:02]} 18... Nxe4 {[%clk 0:03:48]} 19.
Nxe4 {[%clk 0:05:47]} 19... Bf5 {[%clk 0:03:40]} 20. Rae1 {[%clk 0:05:45]}
20... Nf6 {[%clk 0:03:04]} 21. Ng5 {[%clk 0:05:32]} 21... Nh5 {[%clk 0:02:32]}
22. Ne6 {[%clk 0:05:34]} 22... Bxe6 {[%clk 0:02:30]} 23. dxe6 {[%clk 0:05:35]}
23... Qe7 {[%clk 0:01:41]} 24. Bg5 {[%clk 0:05:20]} 24... Bf6 {[%clk 0:01:36]}
25. Bxf6 {[%clk 0:05:18]} 25... Rxf6 {[%clk 0:01:28]} 26. Rxf6 {[%clk 0:04:59]}
26... Nxf6 {[%clk 0:01:12]} 27. Bxb7 {[%clk 0:04:53]} 27... Rf8 {[%clk 0:01:00]
} 28. Bf3 {[%clk 0:04:25]} 28... Kg7 {[%clk 0:01:00]} 29. Qxa5 {[%clk 0:04:07]}
29... Rh8 {[%clk 0:00:54]} 30. Qg5 {[%clk 0:03:40]} 30... c5 {[%clk 0:00:31]}
31. a4 {[%clk 0:03:23]} 31... Rb8 {[%clk 0:00:19]} 32. h4 {[%clk 0:02:35]}
32... Rxb2 {[%clk 0:00:12]} 33. h5 {[%clk 0:02:34]} 33... Qe8 {[%clk 0:00:14]}
34. h6+ {[%clk 0:02:20]} 34... Kh7 {[%clk 0:00:13]} 35. Qxf6 {[%clk 0:02:18]}
1-0

[Event "I Open Internacional Ateneo Maritimo"]
[Site "Valencia C/La reina, 68"]
[Date "2017.05.20"]
[Round "2.3"]
[White "Valmana Canto, Jaime"]
[Black "Gonzalez Aguirre, Luis"]
[Result "1/2-1/2"]
[WhiteElo "2356"]
[BlackElo "2137"]
[PlyCount "87"]
[EventDate "2017.??.??"]

1. e4 {[%clk 0:07:02]} 1... c6 {[%clk 0:07:05]} 2. Nc3 {[%clk 0:07:00]} 2... d5
{[%clk 0:07:07]} 3. Nf3 {[%clk 0:07:01]} 3... Bg4 {[%clk 0:07:09]} 4. h3 {
[%clk 0:07:03]} 4... Bh5 {[%clk 0:07:12]} 5. d4 {[%clk 0:06:11]} 5... e6 {
[%clk 0:07:11]} 6. Be2 {[%clk 0:06:02]} 6... dxe4 {[%clk 0:07:05]} 7. Nxe4 {
[%clk 0:06:03]} 7... Nd7 {[%clk 0:06:56]} 8. Bf4 {[%clk 0:05:53]} 8... Ndf6 {
[%clk 0:06:52]} 9. Ng3 {[%clk 0:05:48]} 9... Bxf3 {[%clk 0:06:46]} 10. Bxf3 {
[%clk 0:05:50]} 10... Bd6 {[%clk 0:06:49]} 11. Qd2 {[%clk 0:04:38]} 11... Qc7 {
[%clk 0:06:35]} 12. Bxd6 {[%clk 0:03:58]} 12... Qxd6 {[%clk 0:06:36]} 13. Qg5 {
[%clk 0:03:39]} 13... h6 {[%clk 0:06:05]} 14. Qd2 {[%clk 0:03:32]} 14... Ne7 {
[%clk 0:05:37]} 15. O-O-O {[%clk 0:03:22]} 15... O-O-O {[%clk 0:05:30]} 16.
Rhe1 {[%clk 0:03:05]} 16... Ng6 {[%clk 0:05:08]} 17. Kb1 {[%clk 0:02:55]} 17...
Nh4 {[%clk 0:04:53]} 18. Re3 {[%clk 0:02:40]} 18... Nxf3 {[%clk 0:04:26]} 19.
Rxf3 {[%clk 0:02:41]} 19... Rd7 {[%clk 0:04:23]} 20. Ra3 {[%clk 0:02:28]} 20...
a6 {[%clk 0:03:52]} 21. Rd3 {[%clk 0:02:06]} 21... Rhd8 {[%clk 0:03:53]} 22. a3
{[%clk 0:01:53]} 22... Qc7 {[%clk 0:03:11]} 23. Qe2 {[%clk 0:01:49]} 23... Qf4
{[%clk 0:02:42]} 24. c3 {[%clk 0:01:31]} 24... Kb8 {[%clk 0:02:30]} 25. Ka1 {
[%clk 0:01:31]} 25... Kc8 {[%clk 0:02:26]} 26. Rf3 {[%clk 0:01:33]} 26... Qc7 {
[%clk 0:02:22]} 27. Rfd3 {[%clk 0:01:29]} 27... Qf4 {[%clk 0:02:24]} 28. Nf1 {
[%clk 0:01:26]} 28... Qc7 {[%clk 0:02:00]} 29. g3 {[%clk 0:01:18]} 29... Nd5 {
[%clk 0:01:55]} 30. Nd2 {[%clk 0:01:19]} 30... Nf6 {[%clk 0:01:56]} 31. Nb3 {
[%clk 0:01:14]} 31... Re7 {[%clk 0:01:34]} 32. Re3 {[%clk 0:01:07]} 32... Nd5 {
[%clk 0:01:34]} 33. Re5 {[%clk 0:01:07]} 33... Nf6 {[%clk 0:01:29]} 34. Re1 {
[%clk 0:00:52]} 34... Nd7 {[%clk 0:01:30]} 35. Re3 {[%clk 0:00:54]} 35... Rde8
{[%clk 0:01:24]} 36. Ka2 {[%clk 0:00:55]} 36... c5 {[%clk 0:01:10]} 37. d5 {
[%clk 0:00:54]} 37... Nf6 {[%clk 0:01:04]} 38. c4 {[%clk 0:00:44]} 38... Ng8 {
[%clk 0:00:48]} 39. Qg4 {[%clk 0:00:39]} 39... f5 {[%clk 0:00:41]} 40. Qg6 {
[%clk 0:00:41]} 40... exd5 {[%clk 0:00:34]} 41. Qxe8+ {[%clk 0:00:43]} 41...
Rxe8 {[%clk 0:00:36]} 42. Rxe8+ {[%clk 0:00:43]} 42... Kd7 {[%clk 0:00:38]} 43.
Rxg8 {[%clk 0:00:44]} 43... Kc6 {[%clk 0:00:30]} 44. Re6+ {[%clk 0:00:43]}
1/2-1/2

[Event "I Open Internacional Ateneo Maritimo"]
[Site "Valencia C/La reina, 68"]
[Date "2017.05.20"]
[Round "2.4"]
[White "Diaz Velandia, Jose Manuel"]
[Black "Monmeneu Chulia, Victor"]
[Result "1-0"]
[WhiteElo "2345"]
[BlackElo "2051"]
[PlyCount "63"]
[EventDate "2017.??.??"]

1. d4 {[%clk 0:07:04]} 1... Nf6 {[%clk 0:07:04]} 2. Nf3 {[%clk 0:07:06]} 2...
d6 {[%clk 0:07:06]} 3. e3 {[%clk 0:07:08]} 3... Bf5 {[%clk 0:07:04]} 4. Bd3 {
[%clk 0:07:10]} 4... Bxd3 {[%clk 0:07:02]} 5. Qxd3 {[%clk 0:07:12]} 5... Nbd7 {
[%clk 0:07:04]} 6. O-O {[%clk 0:07:13]} 6... e5 {[%clk 0:07:06]} 7. Nbd2 {
[%clk 0:07:15]} 7... Be7 {[%clk 0:07:07]} 8. c3 {[%clk 0:07:17]} 8... c6 {
[%clk 0:07:08]} 9. e4 {[%clk 0:07:19]} 9... O-O {[%clk 0:07:07]} 10. Re1 {
[%clk 0:07:21]} 10... h6 {[%clk 0:07:04]} 11. Nf1 {[%clk 0:07:23]} 11... Re8 {
[%clk 0:07:06]} 12. Ng3 {[%clk 0:07:25]} 12... Bf8 {[%clk 0:07:08]} 13. Bd2 {
[%clk 0:07:26]} 13... Qc7 {[%clk 0:07:07]} 14. Nf5 {[%clk 0:07:27]} 14... Rad8
{[%clk 0:07:05]} 15. Qc2 {[%clk 0:07:29]} 15... Kh7 {[%clk 0:07:04]} 16. Re2 {
[%clk 0:07:26]} 16... g6 {[%clk 0:07:05]} 17. Ng3 {[%clk 0:07:29]} 17... Bg7 {
[%clk 0:07:07]} 18. Rae1 {[%clk 0:07:30]} 18... c5 {[%clk 0:06:54]} 19. Qb1 {
[%clk 0:07:27]} 19... Rc8 {[%clk 0:06:48]} 20. d5 {[%clk 0:07:29]} 20... c4 {
[%clk 0:06:44]} 21. h4 {[%clk 0:07:28]} 21... Nc5 {[%clk 0:06:43]} 22. h5 {
[%clk 0:07:29]} 22... Nd3 {[%clk 0:06:33]} 23. Rd1 {[%clk 0:07:21]} 23... Ng4 {
[%clk 0:06:29]} 24. Ne1 {[%clk 0:07:11]} 24... Qb6 {[%clk 0:06:23]} 25. Nxd3 {
[%clk 0:07:09]} 25... cxd3 {[%clk 0:06:23]} 26. Qxd3 {[%clk 0:07:10]} 26...
Qxb2 {[%clk 0:05:40]} 27. Rb1 {[%clk 0:07:12]} 27... Qa3 {[%clk 0:05:37]} 28.
Rxb7 {[%clk 0:07:01]} 28... Kg8 {[%clk 0:05:39]} 29. hxg6 {[%clk 0:07:03]}
29... fxg6 {[%clk 0:05:41]} 30. Qf3 {[%clk 0:07:02]} 30... Nf6 {[%clk 0:05:38]}
31. Bxh6 {[%clk 0:07:01]} 31... Rxc3 {[%clk 0:05:20]} 32. Rxg7+ 1-0

[Event "I Open Internacional Ateneo Maritimo"]
[Site "Valencia C/La reina, 68"]
[Date "2017.05.20"]
[Round "2.5"]
[White "Tejedor Barber, Lorenzo"]
[Black "Garcia Molla, Victor"]
[Result "0-1"]
[WhiteElo "2050"]
[BlackElo "2344"]
[PlyCount "58"]
[EventDate "2017.??.??"]

1. e4 {[%clk 0:07:03]} 1... e6 {[%clk 0:07:04]} 2. d4 {[%clk 0:07:05]} 2... d5
{[%clk 0:07:06]} 3. Nc3 {[%clk 0:07:07]} 3... Bb4 {[%clk 0:07:06]} 4. e5 {
[%clk 0:07:10]} 4... c5 {[%clk 0:07:07]} 5. Bd2 {[%clk 0:07:08]} 5... Ne7 {
[%clk 0:07:08]} 6. Nb5 {[%clk 0:06:44]} 6... Bxd2+ {[%clk 0:07:08]} 7. Qxd2 {
[%clk 0:06:47]} 7... O-O {[%clk 0:07:08]} 8. c3 {[%clk 0:06:33]} 8... Nbc6 {
[%clk 0:07:00]} 9. Nf3 {[%clk 0:06:26]} 9... a6 {[%clk 0:06:34]} 10. Nd6 {
[%clk 0:06:27]} 10... cxd4 {[%clk 0:06:35]} 11. cxd4 {[%clk 0:06:29]} 11... Qb6
{[%clk 0:06:36]} 12. Bd3 {[%clk 0:06:23]} 12... Bd7 {[%clk 0:06:26]} 13. O-O {
[%clk 0:06:23]} 13... f6 {[%clk 0:06:14]} 14. a3 {[%clk 0:05:34]} 14... fxe5 {
[%clk 0:05:51]} 15. dxe5 {[%clk 0:05:29]} 15... Rxf3 {[%clk 0:05:37]} 16. gxf3
{[%clk 0:05:22]} 16... Nxe5 {[%clk 0:05:38]} 17. Qe3 {[%clk 0:04:48]} 17...
Qxd6 {[%clk 0:05:28]} 18. Be2 {[%clk 0:04:23]} 18... d4 {[%clk 0:05:15]} 19.
Rad1 {[%clk 0:03:57]} 19... N7c6 {[%clk 0:05:13]} 20. Qe4 {[%clk 0:03:42]}
20... Rf8 {[%clk 0:05:08]} 21. Kh1 {[%clk 0:03:27]} 21... Ng6 {[%clk 0:04:55]}
22. Rg1 {[%clk 0:02:49]} 22... Rf4 {[%clk 0:04:55]} 23. Qc2 {[%clk 0:02:17]}
23... Nce5 {[%clk 0:04:39]} 24. Rg3 {[%clk 0:02:13]} 24... Bc6 {[%clk 0:04:38]}
25. Qb3 {[%clk 0:01:46]} 25... Nh4 {[%clk 0:04:17]} 26. Rdg1 {[%clk 0:00:38]}
26... g6 {[%clk 0:04:06]} 27. h3 {[%clk 0:00:30]} 27... d3 {[%clk 0:03:50]} 28.
Bd1 {[%clk 0:00:22]} 28... Nexf3 {[%clk 0:03:42]} 29. Bxf3 {[%clk 0:00:12]}
29... Rxf3 {[%clk 0:03:32]} 0-1

[Event "I Open Internacional Ateneo Maritimo"]
[Site "Valencia C/La reina, 68"]
[Date "2017.05.20"]
[Round "2.6"]
[White "Torres Sanchez, Jose"]
[Black "Grau Dominguez, Enric"]
[Result "1-0"]
[WhiteElo "2336"]
[BlackElo "2042"]
[PlyCount "49"]
[EventDate "2017.??.??"]

1. e4 {[%clk 0:07:05]} 1... c5 {[%clk 0:07:04]} 2. Nf3 {[%clk 0:07:06]} 2... d6
{[%clk 0:07:06]} 3. d4 {[%clk 0:07:07]} 3... cxd4 {[%clk 0:07:07]} 4. Nxd4 {
[%clk 0:07:10]} 4... Nf6 {[%clk 0:07:09]} 5. Nc3 {[%clk 0:07:12]} 5... a6 {
[%clk 0:07:11]} 6. f4 {[%clk 0:07:13]} 6... Qc7 {[%clk 0:07:02]} 7. Bd3 {
[%clk 0:06:52]} 7... Nbd7 {[%clk 0:06:57]} 8. Be3 {[%clk 0:06:18]} 8... e6 {
[%clk 0:06:34]} 9. O-O {[%clk 0:06:16]} 9... Be7 {[%clk 0:06:35]} 10. Kh1 {
[%clk 0:06:06]} 10... b5 {[%clk 0:05:53]} 11. f5 {[%clk 0:05:52]} 11... e5 {
[%clk 0:05:50]} 12. Nf3 {[%clk 0:05:11]} 12... Bb7 {[%clk 0:05:40]} 13. a4 {
[%clk 0:05:06]} 13... b4 {[%clk 0:05:32]} 14. Nd5 {[%clk 0:05:08]} 14... Bxd5 {
[%clk 0:05:18]} 15. exd5 {[%clk 0:05:07]} 15... e4 {[%clk 0:05:18]} 16. Nd4 {
[%clk 0:04:55]} 16... exd3 {[%clk 0:05:16]} 17. cxd3 {[%clk 0:04:54]} 17... O-O
{[%clk 0:05:04]} 18. Nc6 {[%clk 0:04:53]} 18... Ne5 {[%clk 0:04:55]} 19. Rc1 {
[%clk 0:04:46]} 19... Qb7 {[%clk 0:04:22]} 20. d4 {[%clk 0:04:43]} 20... Nxd5 {
[%clk 0:04:04]} 21. dxe5 {[%clk 0:04:29]} 21... Nxe3 {[%clk 0:04:06]} 22. Qf3 {
[%clk 0:04:30]} 22... Nxf1 {[%clk 0:04:01]} 23. f6 {[%clk 0:04:31]} 23... Nd2 {
[%clk 0:01:44]} 24. Nxe7+ {[%clk 0:03:59]} 24... Qxe7 {[%clk 0:01:40]} 25. Qg3
{[%clk 0:03:59]} 1-0

[Event "I Open Internacional Ateneo Maritimo"]
[Site "Valencia C/La reina, 68"]
[Date "2017.05.20"]
[Round "3.1"]
[White "Plaskett, H James"]
[Black "Torres Sanchez, Jose"]
[Result "1-0"]
[WhiteElo "2455"]
[BlackElo "2336"]
[PlyCount "93"]
[EventDate "2017.??.??"]

1. c4 {[%clk 0:07:05]} 1... c5 {[%clk 0:06:59]} 2. Nc3 {[%clk 0:07:04]} 2...
Nc6 {[%clk 0:07:00]} 3. g3 {[%clk 0:07:06]} 3... e6 {[%clk 0:06:56]} 4. Bg2 {
[%clk 0:07:07]} 4... Nge7 {[%clk 0:06:57]} 5. Nf3 {[%clk 0:07:02]} 5... d5 {
[%clk 0:06:59]} 6. O-O {[%clk 0:06:46]} 6... d4 {[%clk 0:06:53]} 7. Na4 {
[%clk 0:06:30]} 7... Ng6 {[%clk 0:06:26]} 8. d3 {[%clk 0:06:28]} 8... Be7 {
[%clk 0:06:21]} 9. e3 {[%clk 0:06:27]} 9... e5 {[%clk 0:06:13]} 10. a3 {
[%clk 0:06:20]} 10... a5 {[%clk 0:06:10]} 11. Qb3 {[%clk 0:06:03]} 11... Ra6 {
[%clk 0:06:02]} 12. Re1 {[%clk 0:05:41]} 12... O-O {[%clk 0:06:03]} 13. exd4 {
[%clk 0:05:27]} 13... exd4 {[%clk 0:06:04]} 14. h4 {[%clk 0:05:11]} 14... Qc7 {
[%clk 0:05:59]} 15. h5 {[%clk 0:05:10]} 15... Nge5 {[%clk 0:06:00]} 16. h6 {
[%clk 0:05:09]} 16... Nxf3+ {[%clk 0:05:55]} 17. Bxf3 {[%clk 0:05:09]} 17...
Ne5 {[%clk 0:05:56]} 18. Bd5 {[%clk 0:04:59]} 18... gxh6 {[%clk 0:05:47]} 19.
Bf4 {[%clk 0:04:56]} 19... Bd6 {[%clk 0:05:35]} 20. Nxc5 {[%clk 0:04:14]} 20...
Rb6 {[%clk 0:05:20]} 21. Qc2 {[%clk 0:03:52]} 21... Nf3+ {[%clk 0:05:17]} 22.
Bxf3 {[%clk 0:03:53]} 22... Bxf4 {[%clk 0:05:19]} 23. Ne4 {[%clk 0:03:33]}
23... f5 {[%clk 0:05:12]} 24. Nd2 {[%clk 0:03:15]} 24... Bxd2 {[%clk 0:04:51]}
25. Qxd2 {[%clk 0:03:17]} 25... f4 {[%clk 0:04:49]} 26. Bd5+ {[%clk 0:02:07]}
26... Kh8 {[%clk 0:04:47]} 27. Kh1 {[%clk 0:01:56]} 27... Qd7 {[%clk 0:04:14]}
28. Bg2 {[%clk 0:00:46]} 28... Rbf6 {[%clk 0:01:31]} 29. Qxa5 {[%clk 0:00:48]}
29... fxg3 {[%clk 0:00:55]} 30. fxg3 {[%clk 0:00:48]} 30... Rf5 {[%clk 0:00:37]
} 31. Qb4 {[%clk 0:00:46]} 31... Qg7 {[%clk 0:00:34]} 32. Qd6 {[%clk 0:00:41]}
32... Qg4 {[%clk 0:00:25]} 33. Re4 {[%clk 0:00:38]} 33... Qh5+ {[%clk 0:00:27]}
34. Rh4 {[%clk 0:00:39]} 34... Qg5 {[%clk 0:00:23]} 35. Qxd4+ {[%clk 0:00:41]}
35... R8f6 {[%clk 0:00:24]} 36. Qd8+ {[%clk 0:00:37]} 36... Kg7 {[%clk 0:00:24]
} 37. Qxc8 Qxg3 38. Rh3 {[%clk 0:00:26]} 38... Qg4 {[%clk 0:00:22]} 39. Qxb7+ {
[%clk 0:00:27]} 39... Rf7 {[%clk 0:00:24]} 40. Qe4 {[%clk 0:00:29]} 40... Qg5 {
[%clk 0:00:23]} 41. Rg1 {[%clk 0:00:28]} 41... Kh8 {[%clk 0:00:22]} 42. Qd4+ {
[%clk 0:00:28]} 42... R7f6 {[%clk 0:00:22]} 43. Be4 {[%clk 0:00:23]} 43... Qf4
{[%clk 0:00:20]} 44. Qe3 {[%clk 0:00:21]} 44... Qxe3 {[%clk 0:00:16]} 45. Rxe3
{[%clk 0:00:23]} 45... Rh5+ {[%clk 0:00:17]} 46. Kg2 {[%clk 0:00:25]} 46...
Rg5+ {[%clk 0:00:17]} 47. Rg3 {[%clk 0:00:27]} 1-0

[Event "I Open Internacional Ateneo Maritimo"]
[Site "Valencia C/La reina, 68"]
[Date "2017.05.20"]
[Round "3.2"]
[White "Garcia, Jhoel"]
[Black "Cruz Lledo, Pablo"]
[Result "1-0"]
[WhiteElo "2331"]
[BlackElo "2435"]
[PlyCount "107"]
[EventDate "2017.??.??"]

1. e4 {[%clk 0:07:03]} 1... c6 {[%clk 0:07:05]} 2. d4 {[%clk 0:07:05]} 2... d5
{[%clk 0:07:07]} 3. e5 {[%clk 0:07:07]} 3... c5 {[%clk 0:07:07]} 4. dxc5 {
[%clk 0:06:56]} 4... Nc6 {[%clk 0:07:09]} 5. Bb5 {[%clk 0:06:28]} 5... e6 {
[%clk 0:06:46]} 6. b4 {[%clk 0:05:53]} 6... Nge7 {[%clk 0:06:04]} 7. Bb2 {
[%clk 0:05:34]} 7... a6 {[%clk 0:05:01]} 8. Bxc6+ {[%clk 0:05:19]} 8... Nxc6 {
[%clk 0:05:02]} 9. a3 {[%clk 0:05:10]} 9... b6 {[%clk 0:04:16]} 10. cxb6 {
[%clk 0:04:43]} 10... Qxb6 {[%clk 0:04:18]} 11. c4 {[%clk 0:02:37]} 11... dxc4
{[%clk 0:04:06]} 12. Nd2 {[%clk 0:02:39]} 12... a5 {[%clk 0:03:36]} 13. Nxc4 {
[%clk 0:02:29]} 13... Qb5 {[%clk 0:03:38]} 14. Qd3 {[%clk 0:01:48]} 14... Ba6 {
[%clk 0:03:29]} 15. Nd6+ {[%clk 0:01:51]} 15... Bxd6 {[%clk 0:03:29]} 16. Qxb5
{[%clk 0:01:53]} 16... Bxb5 {[%clk 0:03:29]} 17. exd6 {[%clk 0:01:55]} 17...
axb4 {[%clk 0:03:13]} 18. axb4 {[%clk 0:01:25]} 18... Rxa1+ {[%clk 0:03:06]}
19. Bxa1 {[%clk 0:01:28]} 19... f6 {[%clk 0:02:20]} 20. Nf3 {[%clk 0:00:46]}
20... Kd7 {[%clk 0:02:22]} 21. Nd4 {[%clk 0:00:36]} 21... Ra8 {[%clk 0:02:21]}
22. Kd2 {[%clk 0:00:30]} 22... Rxa1 {[%clk 0:01:27]} 23. Rxa1 {[%clk 0:00:32]}
23... Nxd4 {[%clk 0:01:29]} 24. Ra7+ {[%clk 0:00:34]} 24... Kxd6 {
[%clk 0:01:30]} 25. Rxg7 {[%clk 0:00:32]} 25... h5 {[%clk 0:01:21]} 26. Rh7 {
[%clk 0:00:22]} 26... Bc6 {[%clk 0:01:17]} 27. f3 {[%clk 0:00:20]} 27... Be8 {
[%clk 0:01:06]} 28. Rh8 {[%clk 0:00:18]} 28... Bg6 {[%clk 0:00:58]} 29. Rh6 {
[%clk 0:00:18]} 29... Be8 {[%clk 0:00:47]} 30. Rxf6 {[%clk 0:00:19]} 30... Nf5
{[%clk 0:00:42]} 31. g4 {[%clk 0:00:14]} 31... Ke7 {[%clk 0:00:25]} 32. g5 {
[%clk 0:00:15]} 32... Nd4 {[%clk 0:00:21]} 33. f4 {[%clk 0:00:15]} 33... Nf5 {
[%clk 0:00:15]} 34. Kc3 {[%clk 0:00:15]} 34... Nd6 {[%clk 0:00:12]} 35. Rh6 {
[%clk 0:00:15]} 35... Ne4+ {[%clk 0:00:12]} 36. Kd4 {[%clk 0:00:16]} 36... Nf2
{[%clk 0:00:10]} 37. Rh7+ {[%clk 0:00:18]} 37... Kd6 {[%clk 0:00:13]} 38. Ra7 {
[%clk 0:00:17]} 38... Ng4 {[%clk 0:00:11]} 39. h3 {[%clk 0:00:16]} 39... Nf2 {
[%clk 0:00:13]} 40. Ra6+ {[%clk 0:00:17]} 40... Ke7 {[%clk 0:00:16]} 41. f5 {
[%clk 0:00:18]} 41... exf5 {[%clk 0:00:14]} 42. Ke5 {[%clk 0:00:17]} 42... Nxh3
{[%clk 0:00:13]} 43. Ra7+ {[%clk 0:00:20]} 43... Bd7 {[%clk 0:00:13]} 44. g6 {
[%clk 0:00:22]} 44... Ng5 {[%clk 0:00:13]} 45. g7 {[%clk 0:00:15]} 45... Nf7+ {
[%clk 0:00:15]} 46. Kf4 {[%clk 0:00:17]} 46... Nh6 {[%clk 0:00:13]} 47. Kg5 {
[%clk 0:00:16]} 47... Ng8 {[%clk 0:00:15]} 48. b5 {[%clk 0:00:13]} 48... h4 {
[%clk 0:00:07]} 49. b6 {[%clk 0:00:14]} 49... h3 {[%clk 0:00:09]} 50. b7 {
[%clk 0:00:16]} 50... h2 {[%clk 0:00:11]} 51. Ra1 {[%clk 0:00:18]} 51... Nf6
52. b8=Q {[%clk 0:00:18]} 52... Ne4+ {[%clk 0:00:09]} 53. Kf4 {[%clk 0:00:21]}
53... Nf6 {[%clk 0:00:08]} 54. g8=Q {[%clk 0:00:19]} 1-0